[Event "IECG WC.2003.F.00006 email"]
[Site "IECG email"]
[Date "2003.12.20"]
[Round "?"]
[White "Baer, Werner"]
[Black "Smyth, Peter"]
[Result "1-0"]
[WhiteElo "1951"]
[BlackElo "1913"]
[PlyCount "25"]
[EventDate "2003.12.20"]
[EventType "tourn (corr)"]
[EventRounds "14"]
[SourceTitle "Corr 2024"]
[Source "ChessBase"]
[SourceDate "2023.10.19"]
[SourceVersion "1"]
[SourceVersionDate "2023.10.19"]
[SourceQuality "1"]

1. e4 d5 2. exd5 Qxd5 3. Nc3 Qa5 4. d4 Nf6 5. Nf3 c6 6. Ne5 Bf5 7. Nc4 Qd8 8. Be2 e6 9. 0-0 Be7 10. g4 Bg6 11. f4 h6 12. Ne5 Bh7 13. g5 1-0

[Event "CFriend SH-2003-0-00010 email"]
[Site "Chessfriend.com"]
[Date "2003.08.05"]
[Round "?"]
[White "Birzer, Lothar"]
[Black "Smyth, Peter"]
[Result "1-0"]
[WhiteElo "2159"]
[BlackElo "1790"]
[PlyCount "55"]
[EventDate "2003.08.05"]
[EventType "tourn (corr)"]
[EventRounds "8"]
[SourceTitle "Corr 2008"]
[Source "ChessBase"]
[SourceDate "2008.06.24"]
[SourceVersion "1"]
[SourceVersionDate "2008.06.24"]
[SourceQuality "1"]

1. e4 d5 2. exd5 Qxd5 3. Nc3 Qa5 4. d4 Nf6 5. Nf3 Bf5 6. Ne5 c6 7. Nc4 Qd8 8. Be2 e6 9. 0-0 Be7 10. g4 Bg6 11. f4 h6 12. f5 exf5 13. gxf5 Bh7 14. Qd3 Rg8 15. Bf3 Na6 16. Ne5 Qb6 17. Na4 Qb4 18. b3 Nc7 19. Nc4 Qb5 20. Re1 Kd8 21. Rxe7 Kxe7 22. Nc5 g6 23. a4 gxf5+ 24. Kf1 Qxc5 25. dxc5 Rad8 26. Qc3 Ne6 27. Bb2 Rd4 28. Qb4 1-0

[Event "IECG CA.2003.0.00101 email"]
[Site "IECG email"]
[Date "2003.08.03"]
[Round "?"]
[White "Knap, Jerzy"]
[Black "Smyth, Peter"]
[Result "1/2-1/2"]
[WhiteElo "2084"]
[BlackElo "2003"]
[PlyCount "61"]
[EventDate "2003.08.03"]
[EventType "tourn (corr)"]
[EventRounds "6"]
[SourceTitle "Corr 2008"]
[Source "ChessBase"]
[SourceDate "2008.06.24"]
[SourceVersion "1"]
[SourceVersionDate "2008.06.24"]
[SourceQuality "1"]

1. d4 Nc6 2. Nf3 Nf6 3. c4 e6 4. Nc3 Bb4 5. Qc2 d5 6. e3 0-0 7. a3 Bxc3+ 8. Qxc3 a5 9. b3 a4 10. b4 Ne7 11. Bd3 b6 12. cxd5 exd5 13. Qc2 Qd6 14. 0-0 c6 15. Bb2 Ba6 16. Bxa6 Rxa6 17. Ne5 Raa8 18. Rac1 Rfc8 19. f3 Nd7 20. e4 Nxe5 21. dxe5 Qe6 22. Bd4 dxe4 23. Qxe4 Nd5 24. f4 f5 25. Qe2 Ra7 26. Rf3 Rac7 27. Bf2 b5 28. Qc2 Re7 29. Bc5 Rd7 30. Rd1 Re8 31. g3 1/2-1/2

[Event "IECG CA.2003.0.00098 email"]
[Site "IECG email"]
[Date "2003.06.20"]
[Round "?"]
[White "Rusak, Alexander"]
[Black "Smyth, Peter"]
[Result "1-0"]
[WhiteElo "2026"]
[BlackElo "2029"]
[PlyCount "45"]
[EventDate "2003.06.20"]
[EventType "tourn (corr)"]
[EventRounds "6"]
[SourceTitle "Corr 2024"]
[Source "ChessBase"]
[SourceDate "2023.10.19"]
[SourceVersion "1"]
[SourceVersionDate "2023.10.19"]
[SourceQuality "1"]

1. c4 e5 2. Nc3 Nc6 3. g3 Nf6 4. Bg2 d6 5. Rb1 g6 6. Nf3 Bg7 7. 0-0 0-0 8. b4 e4 9. Ng5 e3 10. fxe3 Ng4 11. b5 Nb8 12. Nge4 f5 13. h3 Nxe3 14. dxe3 fxe4 15. Rxf8+ Qxf8 16. Nxe4 Nd7 17. Bb2 Bxb2 18. Rxb2 Nf6 19. Nxf6+ Qxf6 20. Qd4 Qe5 21. Qxe5 dxe5 22. Rd2 Kf7 23. Rd8 1-0

[Event "IECG CA.2003.0.00098 email"]
[Site "IECG email"]
[Date "2003.06.20"]
[Round "?"]
[White "Zawadski, Anthony J"]
[Black "Smyth, Peter"]
[Result "0-1"]
[WhiteElo "2197"]
[BlackElo "2029"]
[PlyCount "40"]
[EventDate "2003.06.20"]
[EventType "tourn (corr)"]
[EventRounds "6"]
[SourceTitle "Corr 2008"]
[Source "ChessBase"]
[SourceDate "2008.06.24"]
[SourceVersion "1"]
[SourceVersionDate "2008.06.24"]
[SourceQuality "1"]

1. d4 g6 2. c4 Bg7 3. Nc3 d6 4. e4 e5 5. Nf3 Nc6 6. d5 Nce7 7. Be2 f5 8. exf5 Nxf5 9. 0-0 Nf6 10. c5 0-0 11. cxd6 Qxd6 12. Re1 e4 13. Ng5 Nd4 14. Be3 Nxe2+ 15. Qxe2 Ng4 16. g3 Bxc3 17. Nxe4 Qxd5 18. Nxc3 Qh5 19. h4 Bd7 20. Qc4+ Rf7 0-1

[Event "IECG QA.2003.0.00038 email"]
[Site "IECG email"]
[Date "2003.05.28"]
[Round "2"]
[White "McLeod, Sylvester"]
[Black "Smyth, Peter"]
[Result "1-0"]
[WhiteElo "2030"]
[BlackElo "2029"]
[PlyCount "81"]
[EventDate "2003.05.28"]
[EventType "tourn (corr)"]
[EventRounds "6"]
[SourceTitle "Corr 2008"]
[Source "ChessBase"]
[SourceDate "2008.06.24"]
[SourceVersion "1"]
[SourceVersionDate "2008.06.24"]
[SourceQuality "1"]

1. c4 g6 2. d4 Bg7 3. Nf3 d6 4. Nc3 Nf6 5. e4 0-0 6. Be2 c5 7. d5 e6 8. dxe6 fxe6 9. e5 dxe5 10. Qxd8 Rxd8 11. Nxe5 Nd5 12. cxd5 Bxe5 13. Bf3 Bxc3+ 14. bxc3 exd5 15. Bg5 Rd7 16. 0-0-0 d4 17. Rhe1 Nc6 18. Re6 a5 19. Rde1 dxc3 20. Rxc6 bxc6 21. Bxc6 Rda7 22. Bd5+ Kg7 23. Re8 h5 24. Bf4 g5 25. Be5+ Kg6 26. Rf8 Bb7 27. Rf6+ Kh7 28. Rf7+ Kg6 29. Rxb7 Rxb7 30. Bxb7 Re8 31. Bxc3 a4 32. Kd2 Re7 33. Bc6 a3 34. f3 h4 35. Be4+ Kh5 36. Kd3 Rd7+ 37. Kc4 Rd1 38. g4+ hxg3 39. hxg3 Rc1 40. g4+ Kh4 41. Kb3 1-0

[Event "CFriend SH-2003-0-00005 email"]
[Site "Chessfriend.com"]
[Date "2003.04.16"]
[Round "?"]
[White "Dyakov, Alexander V"]
[Black "Smyth, Peter"]
[Result "1-0"]
[WhiteElo "2284"]
[BlackElo "1790"]
[PlyCount "81"]
[EventDate "2003.04.16"]
[EventType "tourn (corr)"]
[EventRounds "12"]
[SourceTitle "Corr 2008"]
[Source "ChessBase"]
[SourceDate "2008.06.24"]
[SourceVersion "1"]
[SourceVersionDate "2008.06.24"]
[SourceQuality "1"]

1. e4 d5 2. exd5 Qxd5 3. Nc3 Qa5 4. d4 Nf6 5. Nf3 Bf5 6. Bd2 c6 7. Bc4 e6 8. Nd5 Qd8 9. Nxf6+ Qxf6 10. Qe2 Bg4 11. d5 Qxb2 12. 0-0 Bxf3 13. Qxf3 cxd5 14. Rab1 Qf6 15. Rxb7 dxc4 16. Rxb8+ Rxb8 17. Qc6+ Ke7 18. Qc7+ Ke8 19. Qxb8+ Qd8 20. Rb1 Qxb8 21. Rxb8+ Kd7 22. Bb4 Bxb4 23. Rxh8 h6 24. Rb8 a5 25. Rb7+ Ke8 26. Kf1 g6 27. Ke2 Bd6 28. Ra7 Bb4 29. Rc7 c3 30. Kd3 Bd6 31. Rxc3 Kd7 32. h3 a4 33. Kc4 Kc6 34. Kd4+ Kb5 35. Rc8 Kb4 36. c4 h5 37. c5 Bh2 38. h4 f5 39. Re8 Bg1 40. Rb8+ Ka3 41. Ke3 1-0

[Event "CFriend SH-2003-0-00005 email"]
[Site "Chessfriend.com"]
[Date "2003.04.16"]
[Round "?"]
[White "Scacco, Mauro"]
[Black "Smyth, Peter"]
[Result "1-0"]
[WhiteElo "2263"]
[BlackElo "1790"]
[PlyCount "75"]
[EventDate "2003.04.16"]
[EventType "tourn (corr)"]
[EventRounds "12"]
[SourceTitle "Corr 2008"]
[Source "ChessBase"]
[SourceDate "2008.06.24"]
[SourceVersion "1"]
[SourceVersionDate "2008.06.24"]
[SourceQuality "1"]

1. e4 d5 2. exd5 Qxd5 3. Nc3 Qa5 4. d4 Nf6 5. Bc4 Bf5 6. Nf3 e6 7. Bd2 c6 8. Ne5 Nbd7 9. Nxd7 Nxd7 10. Qe2 Qb6 11. 0-0-0 Qxd4 12. Be3 Qg4 13. f3 Qh4 14. Rxd7 Kxd7 15. g4 Bd6 16. Rd1 Rad8 17. gxf5 exf5 18. Bxa7 Rhe8 19. Qd3 Kc7 20. Nd5+ cxd5 21. Bb5 Bf4+ 22. Kb1 Re6 23. Qc3+ Rc6 24. Bxc6 bxc6 25. Qa5+ Kd7 26. Bb6 Rc8 27. c4 Qxh2 28. cxd5 c5 29. Qa7+ Kd6 30. Qa6 Rb8 31. Bxc5+ Kd7 32. Qa7+ Kc8 33. Bb6 Rxb6 34. Qxb6 Qe2 35. Qb3 Kc7 36. d6+ Bxd6 37. Qxf7+ Qe7 38. Qxf5 1-0

[Event "CFriend SH-2003-0-00005 email"]
[Site "Chessfriend.com"]
[Date "2003.04.16"]
[Round "?"]
[White "Smyth, Peter"]
[Black "Cade, Stephen"]
[Result "1/2-1/2"]
[WhiteElo "1790"]
[BlackElo "2038"]
[PlyCount "65"]
[EventDate "2003.04.16"]
[EventType "tourn (corr)"]
[EventRounds "12"]
[SourceTitle "Corr 2008"]
[Source "ChessBase"]
[SourceDate "2008.06.24"]
[SourceVersion "1"]
[SourceVersionDate "2008.06.24"]
[SourceQuality "1"]

1. b3 f5 2. Bb2 Nf6 3. e3 e6 4. Be2 Be7 5. Nf3 0-0 6. 0-0 b6 7. c4 Bb7 8. Nc3 Qe8 9. d4 Ne4 10. Qc2 Bf6 11. Rad1 Nxc3 12. Qxc3 d6 13. b4 Nd7 14. Qc2 Qg6 15. a3 Be4 16. Qa4 Rf7 17. Qa6 e5 18. Ne1 exd4 19. Bxd4 Bxd4 20. exd4 Re7 21. f3 Bc6 22. d5 Nb8 23. Qc8+ Qe8 24. Qxe8+ Rxe8 25. Kf2 Ba4 26. Rd4 a5 27. b5 Nd7 28. Bd3 g6 29. Bc2 Rxe1 30. Bxa4 Rxf1+ 31. Kxf1 Re8 32. Kf2 Kf7 33. h4 1/2-1/2

[Event "IECG WC.2006.P.00001 email"]
[Site "IECG email"]
[Date "2003.01.22"]
[Round "?"]
[White "Laczay, Istvan"]
[Black "Smyth, Peter"]
[Result "1/2-1/2"]
[WhiteElo "1968"]
[BlackElo "1991"]
[PlyCount "100"]
[EventDate "2003.01.22"]
[EventType "tourn (corr)"]
[EventRounds "10"]
[SourceTitle "Corr 2008"]
[Source "ChessBase"]
[SourceDate "2008.06.24"]
[SourceVersion "1"]
[SourceVersionDate "2008.06.24"]
[SourceQuality "1"]

1. d4 g6 2. c4 Bg7 3. Nc3 d6 4. e4 e5 5. d5 f5 6. exf5 Bxf5 7. Bd3 Ne7 8. Bxf5 Nxf5 9. Nf3 0-0 10. 0-0 h6 11. Rb1 c5 12. Qd3 Nd7 13. b3 a6 14. a3 Nf6 15. Re1 Qe7 16. Ne4 b5 17. cxb5 axb5 18. Qxb5 Nxe4 19. Rxe4 Qf7 20. Qd3 Nd4 21. Rg4 Kh7 22. h3 Qf5 23. Qxf5 Rxf5 24. Nh4 Rf6 25. Kf1 g5 26. Nf3 Nxf3 27. gxf3 Rxf3 28. Rg3 e4 29. Rxf3 exf3 30. b4 Kg6 31. b5 Kf5 32. b6 Ke4 33. a4 Bc3 34. a5 Bxa5 35. Ra1 Kxd5 36. b7 Rb8 37. Rxa5 Rxb7 38. Ke1 Re7+ 39. Kd1 Rf7 40. Ra4 Rf5 41. h4 gxh4 42. Rxh4 h5 43. Kd2 Kc6 44. Kd3 d5 45. Bf4 c4+ 46. Ke3 Kc5 47. Kxf3 Kd4 48. Ke2 Kc3 49. Bh6 Re5+ 50. Kd1 Rf5 1/2-1/2

[Event "IECG WC.2006.P.00001 email"]
[Site "IECG email"]
[Date "2003.01.22"]
[Round "?"]
[White "Poblete, Litos"]
[Black "Smyth, Peter"]
[Result "0-1"]
[WhiteElo "1293"]
[BlackElo "1991"]
[PlyCount "72"]
[EventDate "2003.01.22"]
[EventType "tourn (corr)"]
[EventRounds "10"]
[SourceTitle "Corr 2008"]
[Source "ChessBase"]
[SourceDate "2008.06.24"]
[SourceVersion "1"]
[SourceVersionDate "2008.06.24"]
[SourceQuality "1"]

1. Nf3 g6 2. c4 Bg7 3. Nc3 d6 4. d4 Nf6 5. e4 0-0 6. Be2 c5 7. 0-0 cxd4 8. Nxd4 Nc6 9. Be3 Qd7 10. f3 Ne5 11. Rc1 Nc6 12. Qd2 b6 13. Nxc6 Qxc6 14. Nd5 Re8 15. Nxf6+ Bxf6 16. b3 Bb7 17. Bd4 Bxd4+ 18. Qxd4 a6 19. Rfd1 Red8 20. Qe3 Qc5 21. Qxc5 dxc5 22. Rxd8+ Rxd8 23. Rd1 Rd4 24. Kf2 e5 25. Ke3 f5 26. exf5 gxf5 27. g4 f4+ 28. Kf2 Kg7 29. h4 e4 30. Rxd4 e3+ 31. Kg2 cxd4 32. b4 h6 33. Bd3 Kf6 34. a3 Bc6 35. Be2 b5 36. cxb5 Bxb5 0-1

[Event "IECG WC.2006.P.00001 email"]
[Site "IECG email"]
[Date "2003.01.22"]
[Round "?"]
[White "Smyth, Peter"]
[Black "Fineboim, Igor"]
[Result "1/2-1/2"]
[WhiteElo "1991"]
[BlackElo "2158"]
[PlyCount "93"]
[EventDate "2003.01.22"]
[EventType "tourn (corr)"]
[EventRounds "10"]
[SourceTitle "Corr 2008"]
[Source "ChessBase"]
[SourceDate "2008.06.24"]
[SourceVersion "1"]
[SourceVersionDate "2008.06.24"]
[SourceQuality "1"]

1. b3 Nf6 2. Bb2 g6 3. e3 Bg7 4. Nf3 d6 5. c4 e5 6. d4 0-0 7. dxe5 Ng4 8. Nc3 Nxe5 9. Be2 Nbc6 10. Nxe5 Nxe5 11. 0-0 Qh4 12. Qd2 Be6 13. Nb5 Qe7 14. f4 Nc6 15. Bxg7 Kxg7 16. Bf3 f6 17. Rfe1 Qd7 18. Nd4 Nxd4 19. exd4 d5 20. Qb4 c6 21. cxd5 cxd5 22. Re3 a5 23. Qa3 b5 24. Rae1 b4 25. Qa4 Qxa4 26. bxa4 Bg8 27. Re7+ Kh8 28. Rc1 Rfe8 29. Rxe8 Rxe8 30. Kf2 Ra8 31. Rc5 Kg7 32. Bxd5 Bxd5 33. Rxd5 Kf7 34. Rd7+ Ke6 35. Rxh7 Rc8 36. Ra7 Kd5 37. Rxa5+ Kxd4 38. Rb5 Rc2+ 39. Kf3 Kc4 40. Rb6 Rxa2 41. Rc6+ Kd4 42. Rxf6 b3 43. Rxg6 b2 44. Rb6 Ra3+ 45. Kg4 Kc3 46. Rc6+ Kd2 47. Rb6 1/2-1/2

[Event "IECG WC.2006.P.00001 email"]
[Site "IECG email"]
[Date "2003.01.22"]
[Round "?"]
[White "Smyth, Peter"]
[Black "Tolan, John"]
[Result "1/2-1/2"]
[WhiteElo "1991"]
[BlackElo "1497"]
[PlyCount "87"]
[EventDate "2003.01.22"]
[EventType "tourn (corr)"]
[EventRounds "10"]
[SourceTitle "Corr 2008"]
[Source "ChessBase"]
[SourceDate "2008.06.24"]
[SourceVersion "1"]
[SourceVersionDate "2008.06.24"]
[SourceQuality "1"]

1. b3 e5 2. Bb2 Nc6 3. e3 d5 4. Bb5 Bd6 5. f4 Qe7 6. Nf3 Bg4 7. c4 Nf6 8. cxd5 Nxd5 9. fxe5 Bxe5 10. Bxc6+ bxc6 11. Bxe5 Bxf3 12. Qxf3 Qxe5 13. 0-0 0-0 14. Na3 a5 15. Nc4 Qe6 16. d4 a4 17. e4 Nb6 18. Nd2 Rfd8 19. Qc3 axb3 20. axb3 Nd7 21. Rxa8 Rxa8 22. Rc1 Ra2 23. Qe3 h6 24. Nc4 Nf6 25. Re1 Qg4 26. Nd2 Nh5 27. Rf1 Qg5 28. Qxg5 hxg5 29. Rd1 Nf4 30. Kf2 Rc2 31. g3 Ne6 32. d5 cxd5 33. exd5 Nd4 34. Ke3 Nb5 35. Nf3 f6 36. Rd2 Rc5 37. h3 Kf7 38. Rd3 Ke7 39. Nd2 Rc1 40. Ne4 Rh1 41. Nf2 Rg1 42. Kf3 Rb1 43. Kg4 Rf1 44. Kf3 1/2-1/2

[Event "IECG WC.2006.P.00001 email"]
[Site "IECG email"]
[Date "2003.01.22"]
[Round "?"]
[White "Zednik, Martin"]
[Black "Smyth, Peter"]
[Result "1/2-1/2"]
[WhiteElo "1806"]
[BlackElo "1991"]
[PlyCount "76"]
[EventDate "2003.01.22"]
[EventType "tourn (corr)"]
[EventRounds "10"]
[SourceTitle "Corr 2008"]
[Source "ChessBase"]
[SourceDate "2008.06.24"]
[SourceVersion "1"]
[SourceVersionDate "2008.06.24"]
[SourceQuality "1"]

1. e4 g6 2. d4 Bg7 3. c4 d6 4. Nc3 e5 5. d5 f5 6. exf5 Bxf5 7. Bd3 Ne7 8. Nf3 Bc8 9. 0-0 0-0 10. Qb3 b6 11. Re1 Nd7 12. Ne4 Nc5 13. Nxc5 bxc5 14. Rb1 Nf5 15. Bg5 Qd7 16. h3 Qf7 17. Re2 a5 18. Bd2 a4 19. Qa3 Bb7 20. Ng5 Qe7 21. Ne6 Nd4 22. Nxf8 Nxe2+ 23. Bxe2 Qxf8 24. Bg4 Bc8 25. Bxc8 Qxc8 26. Re1 Qb7 27. Re2 c6 28. dxc6 Qxc6 29. Qd3 Re8 30. Re4 Rd8 31. Bc3 Rf8 32. Re1 Rf6 33. Rd1 Kf8 34. Qe2 Kf7 35. Rd5 Kg8 36. Qd3 Re6 37. Qe4 Rf6 38. Qd3 Re6 1/2-1/2

[Event "CFriend SI-2003-0-00001 email"]
[Site "Chessfriend.com"]
[Date "2003.01.14"]
[Round "?"]
[White "Casani, Rafael"]
[Black "Smyth, Peter"]
[Result "1-0"]
[WhiteElo "1758"]
[BlackElo "2029"]
[PlyCount "63"]
[EventDate "2003.??.??"]
[EventType "tourn (corr)"]
[EventRounds "8"]
[SourceTitle "Corr 2008"]
[Source "ChessBase"]
[SourceDate "2008.06.24"]
[SourceVersion "1"]
[SourceVersionDate "2008.06.24"]
[SourceQuality "1"]

1. e4 g6 2. d4 Bg7 3. Nf3 d6 4. c3 Nf6 5. Bd3 0-0 6. 0-0 c5 7. h3 d5 8. e5 Ne4 9. Qe2 cxd4 10. cxd4 Bf5 11. Nbd2 Nxd2 12. Bxd2 Bxd3 13. Qxd3 Qb6 14. a4 Rc8 15. a5 Qxb2 16. Rfb1 Qc2 17. Rc1 Qxd3 18. Rxc8+ Bf8 19. Bh6 Nd7 20. Rxa8 g5 21. Rc1 Qa6 22. Bxf8 Nxf8 23. Rcc8 f6 24. Rxf8+ Kg7 25. Rg8+ Kf7 26. Rh8 Kg6 27. Rag8+ Kf7 28. Rf8+ Ke6 29. exf6 exf6 30. Rxh7 Qxa5 31. Re8+ Kd6 32. Rxb7 1-0

[Event "CFriend SI-2003-0-00001 email"]
[Site "Chessfriend.com"]
[Date "2003.01.14"]
[Round "?"]
[White "Smyth, Peter"]
[Black "Merrifield, David"]
[Result "1/2-1/2"]
[WhiteElo "2029"]
[BlackElo "1900"]
[PlyCount "55"]
[EventDate "2003.??.??"]
[EventType "tourn (corr)"]
[EventRounds "8"]
[SourceTitle "Corr 2008"]
[Source "ChessBase"]
[SourceDate "2008.06.24"]
[SourceVersion "1"]
[SourceVersionDate "2008.06.24"]
[SourceQuality "1"]

1. b3 d5 2. Bb2 Bg4 3. g3 e6 4. Bg2 Nf6 5. Nf3 Nbd7 6. 0-0 Be7 7. c4 0-0 8. d3 c6 9. Nbd2 a5 10. a3 Bd6 11. h3 Bh5 12. e4 dxe4 13. dxe4 Qc7 14. Qe1 e5 15. g4 Bg6 16. Nh4 Nc5 17. Nxg6 hxg6 18. Qe3 Rad8 19. b4 Nd3 20. Qxd3 Bxb4 21. Qg3 Bxd2 22. Bxe5 Qe7 23. Rad1 Qc5 24. Bc3 Bxc3 25. Qxc3 Rxd1 26. Rxd1 Re8 27. Rd4 g5 28. Qd3 1/2-1/2